<?xml version="1.0" encoding="UTF-8"?>
<collection xmlns="http://www.loc.gov/MARC21/slim">
 <record>
  <leader>00552pamaa2200169   4500</leader>
  <controlfield tag="001">0000018751</controlfield>
  <controlfield tag="005">20060911090000.0</controlfield>
  <datafield tag="020" ind1="0" ind2="0">
   <subfield code="a">0155030752 </subfield>
  </datafield>
  <datafield tag="090" ind1="0" ind2="0">
   <subfield code="a">BF121 </subfield>
   <subfield code="b">HIL 1996</subfield>
  </datafield>
  <datafield tag="245" ind1="0" ind2="0">
   <subfield code="a">HILGARD'S introduction to psychology : </subfield>
   <subfield code="b">test bank  </subfield>
   <subfield code="c">Rita L. Atkinson ...[et.al] ; prepared by N. Jay Bean.</subfield>
  </datafield>
  <datafield tag="250" ind1="0" ind2="0">
   <subfield code="a">12th ed.</subfield>
  </datafield>
  <datafield tag="260" ind1="0" ind2="0">
   <subfield code="a">Forth Worth: </subfield>
   <subfield code="b">HBC Publisher, </subfield>
   <subfield code="c">1996.</subfield>
  </datafield>
  <datafield tag="300" ind1=" " ind2=" ">
   <subfield code="a">xxi, 659p; </subfield>
   <subfield code="c">28 cm.</subfield>
  </datafield>
  <datafield tag="650" ind1="0" ind2="0">
   <subfield code="a">Psychology </subfield>
  </datafield>
  <datafield tag="700" ind1="1" ind2="1">
   <subfield code="a">ATKINSON, </subfield>
   <subfield code="h">Rita L. </subfield>
  </datafield>
  <datafield tag="700" ind1="1" ind2="1">
   <subfield code="a">BEAN, </subfield>
   <subfield code="h">N. Jay </subfield>
  </datafield>
  <datafield tag="740" ind1="0" ind2="0">
   <subfield code="a">Test bank to accompany Hilgard's introduction to psychology</subfield>
  </datafield>
 </record>
</collection>
